000 00435nam a2200181Ia 4500
001 16667
005 20260306170326.0
008 260306t2010||||xx |||||||||||||| ||und||
041 _aESP
082 _a349.1
_bD92E
100 _aD'Ors, Javier Álvaro
_eAUT
245 0 _aElementos de derecho privado romano
260 _c2010
300 _a301 páginas :
_c24 cm.
650 _aGEN
654 _aCDE
942 _cLIB
_dJUS
_fJUS
_2ddc
_n
999 _c16667
_d16667